000 01235nam a22002417a 4500
005 20080624141258.0
008 080624t xxu||||| |||| 00| 0 hin d
010 _aHIN-83613
020 _c150.00
_a8188244309
035 _aHN-55959
037 _bपु.प्र.अ.प्र/प्रका
040 _aDPL
_bHN
082 _a158.1 / सिंहप
100 _aपर्वत सिंह
245 _aआओ, खुश रहना सीखें /
_cपर्वत सिंह
246 _aAao, khush rahana seekhen
_bby Parvat Singh
260 _aगाजियाबाद
_bदीपा प्रकाशन
_c2007
270 _aप्लाट न. 146, प्रथम तल, ज्ञानखंड-3, इंदिरापुरम
_bगाजियाबाद
_e201010 (उ.प्र.)
_mclyash@yahoo.com
300 _a127पृ
_c22सेमी(सजिल्द)
650 _aPersonality Development
942 _cHN
_2ddc
_h158.1
_mसिंहप
999 _c13962
_d13962